Model ziskovej funkcie diplomová práca

Uložené v:
Podrobná bibliografia
Hlavný autor: Popovič, Ladislav
Korporativný autor: Podnikovohospodárska fakulta EU so sídlom v Košiciach. Katedra hospodárskej informatiky a matematiky
Ďalší autori: Jurga, Rastislav
Médium: Kniha
Jazyk:Slovak
Vydavateľské údaje: Košice 2011
Tagy: Pridať tag
Žiadne tagy, Buďte prvý, kto otaguje tento záznam!

MARC

LEADER 00000nbm a2200000 4500
001 0130500
005 20161109101539.8
041 0 |a slo 
044 |a SK 
245 1 0 |a Model ziskovej funkcie  |b diplomová práca  |c Ladislav Popovič ; školiteľ: Rastislav Jurga 
264 1 |a Košice  |c 2011 
300 |a 61 s. 
100 1 |a Popovič, Ladislav 
700 1 |a Jurga, Rastislav 
710 2 |a Podnikovohospodárska fakulta EU so sídlom v Košiciach. Katedra hospodárskej informatiky a matematiky